[Event "Oslo Nordstrand GP A"]
[Site "Oslo"]
[Date "2012.04.21"]
[Round "3"]
[White "Egeland, Finn"]
[Black "Djurhuus, Rune"]
[Result "0-1"]
[WhiteElo "1964"]
[BlackElo "2421"]
[PlyCount "68"]
[EventDate "2012.04.20"]
[EventType "swiss"]
[EventRounds "5"]
[EventCountry "NOR"]
[SourceTitle "EXT 2023"]
[Source "ChessBase"]
[SourceDate "2022.10.05"]
[SourceVersion "1"]
[SourceVersionDate "2022.10.05"]
[SourceQuality "1"]

1. e4 c5 2. Nc3 Nc6 3. f4 g6 4. Nf3 Bg7 5. Bb5 Nd4 6. 0-0 Nxb5 7. Nxb5 Nf6 8. d3 0-0 9. Nc3 d5 10. Qe1 dxe4 11. dxe4 b6 12. Be3 Ba6 13. Rf2 Ng4 14. Rd2 Qb8 15. Rad1 Bb7 16. h3 Nxe3 17. Qxe3 Bc6 18. Ne5 Qb7 19. Nd5 Bxd5 20. exd5 Rad8 21. c3 Qc7 22. Nc6 Rd7 23. Ne5 Rd6 24. Nc4 Rf6 25. g3 b5 26. Ne5 Rd6 27. a3 e6 28. dxe6 Rxe6 29. Rd7 Qb6 30. Qf2 Bxe5 31. fxe5 Rxe5 32. R1d6 Qb8 33. Qf3 Qe8 34. Kf2 Rf5 0-1

[Event "NOR-chB op"]
[Site "Oslo"]
[Date "2006.04.15"]
[Round "7"]
[White "Aarnes, Carl Christian"]
[Black "Egeland, Finn"]
[Result "0-1"]
[WhiteElo "1478"]
[BlackElo "1855"]
[PlyCount "130"]
[EventDate "2006.04.12"]
[EventType "swiss"]
[EventRounds "9"]
[EventCountry "NOR"]
[SourceTitle "CBM 111 Extra"]
[Source "ChessBase"]
[SourceDate "2006.05.09"]
[SourceVersion "1"]
[SourceVersionDate "2006.05.09"]
[SourceQuality "1"]

1. d4 d5 2. c4 e6 3. g3 Nf6 4. Bg2 dxc4 5. Nc3 Be7 6. Qa4+ Bd7 7. Qxc4 Nc6 8. Nf3 a6 9. 0-0 b5 10. Qd3 Rb8 11. Ne5 Nb4 12. Qd1 0-0 13. a3 Nbd5 14. Nxd7 Qxd7 15. Nxd5 Nxd5 16. e4 Nb6 17. Re1 Rfd8 18. Bf4 g5 19. Qg4 h5 20. Qxh5 gxf4 21. e5 Kg7 22. Qg4+ Kf8 23. Qxf4 Nd5 24. Qh6+ Ke8 25. Re4 Bf8 26. Qh8 Qe7 27. Rg4 Rb6 28. Rc1 Kd7 29. Qh7 f5 30. Rh4 Qxh7 31. Rxh7+ Be7 32. h4 Rbb8 33. Kf1 Rh8 34. Rg7 Rbg8 35. Rxg8 Rxg8 36. Bxd5 exd5 37. Rc3 Rg4 38. Rd3 f4 39. Ke2 fxg3 40. fxg3 Ke6 41. b4 Bf8 42. Kf3 Kf5 43. Kg2 Ke4 44. Rf3 Bh6 45. Rf6 Bc1 46. Kh3 Rg8 47. e6 Kxd4 48. h5 Ke5 49. Rf7 Kxe6 50. Rxc7 Bxa3 51. Rc6+ Ke5 52. Rxa6 Bxb4 53. Rb6 Be1 54. Rxb5 Rxg3+ 55. Kh2 Rg5 56. Rb7 Rxh5+ 57. Kg2 Bc3 58. Kf3 Rf5+ 59. Ke2 Ke4 60. Re7+ Be5 61. Rh7 Rg5 62. Rh4+ Bf4 63. Kf2 d4 64. Rh7 Be3+ 65. Ke2 d3+ 0-1